[Event "Fall 50 50 Pro-Am U1800"]
[Site "Guelph CAN"]
[Date "2007.11.03"]
[Round "2"]
[White "Lee, Brendon"]
[Black "Cunningham, Ross"]
[Result "0-1"]
[WhiteElo "1529"]
[BlackElo "1651"]
[PlyCount "64"]
[GameId "2160767910574486"]
[EventDate "2007.11.03"]
[EventType "swiss"]
[EventRounds "5"]
[EventCountry "CAN"]

1. e4 c5 2. Nf3 d6 3. d4 cxd4 4. Nxd4 g6 5. Be3 Bg7 6. Nc3 Nf6 7. Be2 Nc6 8. Qd2 Bd7 9. O-O-O Rc8 10. Bh6 O-O 11. f3 Nxd4 12. Bxg7 Nxe2+ 13. Qxe2 Kxg7 14. g4 Qa5 15. h4 b5 16. a3 b4 17. axb4 Qa1+ 18. Nb1 Ba4 19. Rd2 Bb3 20. c3 Qa4 21. h5 Qxb4 22. Qe3 Qc5 23. Qf4 Qe5 24. Qe3 d5 25. hxg6 fxg6 26. Qh6+ Kg8 27. g5 Nh5 28. Rxh5 gxh5 29. g6 Qg7 30. gxh7+ Kh8 31. Qe3 dxe4 32. f4 Rxf4 0-1

[Event "Fall 50 50 Pro-Am U1800"]
[Site "Guelph CAN"]
[Date "2007.11.03"]
[Round "3"]
[White "Cunningham, Ross"]
[Black "Scott, James"]
[Result "1-0"]
[WhiteElo "1651"]
[BlackElo "1623"]
[PlyCount "37"]
[GameId "2160767910574487"]
[EventDate "2007.11.03"]
[EventType "swiss"]
[EventRounds "5"]
[EventCountry "CAN"]

1. e4 c5 2. Nf3 d6 3. d4 cxd4 4. Nxd4 Nf6 5. Nc3 a6 6. Bc4 e6 7. O-O Be7 8. f4 Qb6 9. Kh1 O-O 10. Rb1 Nc6 11. Be3 Qb4 12. Be2 Nxd4 13. Bxd4 b5 14. Rf3 Bb7 15. Qg1 Bxe4 16. a3 Qa5 17. Bb6 Qxb6 18. Qxb6 Bxf3 19. Bxf3 1-0

[Event "Fall 50 50 Pro-Am U1800"]
[Site "Guelph CAN"]
[Date "2007.11.03"]
[Round "4"]
[White "Dragan, Cristian"]
[Black "Cunningham, Ross"]
[Result "0-1"]
[WhiteElo "1634"]
[BlackElo "1651"]
[PlyCount "44"]
[GameId "2160767910574488"]
[EventDate "2007.11.03"]
[EventType "swiss"]
[EventRounds "5"]
[EventCountry "CAN"]

1. e4 c5 2. Nc3 d6 3. f4 Nc6 4. Nf3 Nf6 5. d3 Bg4 6. Be2 g6 7. Be3 Bg7 8. h3 Bd7 9. Qc1 Qa5 10. Bd2 Qb6 11. g4 h6 12. f5 g5 13. Ng1 Nd4 14. Bd1 Bc6 15. Nf3 Nxf3+ 16. Bxf3 Nd7 17. h4 gxh4 18. Rxh4 O-O-O 19. Bxh6 Bxh6 20. g5 Bxg5 21. Qxg5 Rxh4 22. Qxh4 Qxb2 0-1

[Event "Fall 50 50 Pro-Am U1800"]
[Site "Guelph CAN"]
[Date "2007.11.04"]
[Round "5"]
[White "Cunningham, Ross"]
[Black "Moran-Venegas, Mario"]
[Result "0-1"]
[WhiteElo "1651"]
[BlackElo "1756"]
[PlyCount "144"]
[GameId "2160767910574489"]
[EventDate "2007.11.03"]
[EventType "swiss"]
[EventRounds "5"]
[EventCountry "CAN"]

1. e4 c6 2. d4 d5 3. f3 e5 4. dxe5 Be6 5. Bd3 Nd7 6. f4 Nc5 7. Qe2 dxe4 8. Bxe4 Nxe4 9. Qxe4 Nh6 10. Nf3 Qb6 11. Nc3 O-O-O 12. Bd2 Bf5 13. Qa4 Ng4 14. O-O-O Nf2 15. Qc4 Be6 16. Qe2 Nxh1 17. Rxh1 Bb4 18. Kb1 Rd7 19. Be3 Qa5 20. Na4 Qxa4 21. b3 Qa3 22. Bc1 Qa6 23. Qe4 g6 24. Ng5 Ba3 25. Rg1 Bxc1 26. Rxc1 h6 27. Nxe6 fxe6 28. Qxg6 c5 29. Qf6 Rdd8 30. Qe7 Qc6 31. g4 Qd7 32. Qxc5+ Kb8 33. Qf2 Qd2 34. Qg3 Rc8 35. f5 Rc3 36. Qe1 Qxe1 37. Rxe1 exf5 38. gxf5 Rf8 39. e6 Rf3 40. e7 Re8 41. Re5 Kc7 42. Kc1 Kd7 43. Re6 Rxf5 44. Rxh6 Rxe7 45. h4 Ree5 46. Rh7+ Kc6 47. Rh6+ Kd5 48. c4+ Kd4 49. Rd6+ Kc3 50. Rd1 Re2 51. h5 Rff2 52. Rh1 Rxa2 53. Rh3+ Kb4 54. Kb1 Rh2 55. Rg3 Rag2 56. Rxg2 Rxg2 57. h6 Rh2 58. c5 Kxb3 59. Kc1 a5 60. c6 bxc6 61. h7 a4 62. h8=B a3 63. Be5 Rh1+ 64. Kd2 a2 65. Ke2 a1=N 66. Kf2 Nc2 67. Kg2 Rh7 68. Kg3 c5 69. Kf3 c4 70. Ke2 Re7 71. Kd2 Rxe5 72. Kc1 c3 0-1

[Event "Fall 50 50 Pro-Am U2100"]
[Site "Guelph CAN"]
[Date "2007.11.03"]
[Round "1"]
[White "Florea, Alexandru"]
[Black "Erickson, John"]
[Result "1-0"]
[WhiteElo "1757"]
[BlackElo "1919"]
[PlyCount "81"]
[GameId "2160767910574490"]
[EventDate "2007.11.03"]
[EventType "swiss"]
[EventRounds "5"]
[EventCountry "CAN"]
[SourceTitle "EXT 2022"]
[Source "ChessBase"]
[SourceDate "2021.10.06"]
[SourceVersion "1"]
[SourceVersionDate "2021.10.06"]
[SourceQuality "1"]

1. e4 c5 2. f4 Nc6 3. Nf3 d6 4. Bb5 g6 5. O-O Bg7 6. d3 Nf6 7. Nc3 O-O 8. Bxc6 bxc6 9. Qe2 Rb8 10. e5 Ne8 11. b3 Bg4 12. Bb2 Nc7 13. Rae1 Ne6 14. Qd2 d5 15. h3 Bxf3 16. Rxf3 Bh6 17. Qf2 Rb4 18. f5 Nd4 19. Rg3 Qd7 20. Na4 Nxf5 21. Nxc5 Qc8 22. Rf3 e6 23. Ba3 Rb5 24. Na4 Rb7 25. Bxf8 Bxf8 26. g4 Ng7 27. Rf1 Qe8 28. Nc5 Rc7 29. b4 h6 30. a3 h5 31. Nb3 hxg4 32. hxg4 a6 33. Nc5 Bxc5 34. Qxc5 Qe7 35. Qf2 Rb7 36. Qh2 Qf8 37. Rh3 Nh5 38. gxh5 Qg7 39. hxg6 fxg6 40. Rh8+ Qxh8 41. Rf8+ 1-0

[Event "Fall 50 50 Pro-Am U2100"]
[Site "Guelph CAN"]
[Date "2007.11.03"]
[Round "1"]
[White "Gillanders, Robert"]
[Black "Armstrong, Robert J"]
[Result "1/2-1/2"]
[WhiteElo "1815"]
[BlackElo "1708"]
[PlyCount "64"]
[GameId "2160767910574491"]
[EventDate "2007.11.03"]
[EventType "swiss"]
[EventRounds "5"]
[EventCountry "CAN"]
[SourceTitle "EXT 2022"]
[Source "ChessBase"]
[SourceDate "2021.10.06"]
[SourceVersion "1"]
[SourceVersionDate "2021.10.06"]
[SourceQuality "1"]

1. d4 g6 2. c4 Bg7 3. Nc3 Nf6 4. e4 d6 5. Nf3 O-O 6. Be2 c5 7. O-O cxd4 8. Nxd4 Nbd7 9. Be3 Nc5 10. f3 a6 11. b4 Ne6 12. Nb3 Ng4 13. Bd2 Bxc3 14. Bxc3 Ne3 15. Qd2 Nxf1 16. Rxf1 Qc7 17. Qh6 f6 18. f4 Qb6+ 19. c5 dxc5 20. bxc5 Qc6 21. Bf3 Nxc5 22. e5 Qc7 23. exf6 exf6 24. Bb4 Re8 25. Bxc5 Be6 26. Bd4 Bxb3 27. axb3 Rad8 28. Bf2 Qc3 29. Qh4 b5 30. Be1 Qe3+ 31. Bf2 Qc3 32. Be1 Qe3+ 1/2-1/2

[Event "Fall 50 50 Pro-Am U2100"]
[Site "Guelph CAN"]
[Date "2007.11.03"]
[Round "2"]
[White "Armstrong, Robert J"]
[Black "Deline, Ralph"]
[Result "0-1"]
[WhiteElo "1708"]
[BlackElo "1890"]
[PlyCount "78"]
[GameId "2160767910574492"]
[EventDate "2007.11.03"]
[EventType "swiss"]
[EventRounds "5"]
[EventCountry "CAN"]
[SourceTitle "EXT 2022"]
[Source "ChessBase"]
[SourceDate "2021.10.06"]
[SourceVersion "1"]
[SourceVersionDate "2021.10.06"]
[SourceQuality "1"]

1. d4 d5 2. c4 c6 3. Nf3 Nf6 4. e3 Bf5 5. Bd3 Ne4 6. O-O dxc4 7. Bxc4 e6 8. Nc3 Nd7 9. Bd3 Ndf6 10. Qc2 Nxc3 11. bxc3 Bxd3 12. Qxd3 Be7 13. Rb1 Qc7 14. c4 b6 15. a4 O-O 16. Ba3 Rfd8 17. Bxe7 Qxe7 18. Ne5 Qc7 19. f4 c5 20. Rfd1 Rd6 21. Qc2 Rad8 22. dxc5 Qxc5 23. Kf2 Ne4+ 24. Kf3 Nd2+ 25. Rxd2 Rxd2 26. Qe4 f6 27. Rb5 Qd6 28. c5 Qd5 29. Nc6 Rf2+ 30. Kxf2 Qxe4 31. Nxd8 Qxa4 32. Rb2 Qd7 33. cxb6 axb6 34. Rxb6 Qxd8 35. Rxe6 Qd2+ 36. Kg3 Kf7 37. f5 Qe1+ 38. Kf3 Qf1+ 39. Kg4 Qxg2+ 0-1

[Event "Fall 50 50 Pro-Am U2100"]
[Site "Guelph CAN"]
[Date "2007.11.03"]
[Round "2"]
[White "Gladstone, Simon"]
[Black "Villalobos, Oscar"]
[Result "0-1"]
[WhiteElo "1835"]
[BlackElo "1760"]
[PlyCount "136"]
[GameId "2160767910574493"]
[EventDate "2007.11.03"]
[EventType "swiss"]
[EventRounds "5"]
[EventCountry "CAN"]
[SourceTitle "EXT 2022"]
[Source "ChessBase"]
[SourceDate "2021.10.06"]
[SourceVersion "1"]
[SourceVersionDate "2021.10.06"]
[SourceQuality "1"]

1. e4 c5 2. Nf3 d6 3. d4 cxd4 4. Qxd4 a6 5. Bg5 Nc6 6. Qd2 Qb6 7. Nc3 Be6 8. O-O-O g6 9. Be3 Qa5 10. Kb1 Bg7 11. Nd5 Qxd2 12. Rxd2 Rc8 13. Nb6 Rc7 14. Bc4 Bxc4 15. Nxc4 b5 16. Nb6 Na5 17. Rhd1 Nf6 18. e5 Ne4 19. Rd4 f5 20. exf6 Nxf6 21. Ng5 Rb7 22. R4d3 Ng4 23. Nd5 Nc4 24. Bd4 e5 25. f3 exd4 26. fxg4 Kd7 27. Rf1 h6 28. Rf7+ Kc8 29. Ne7+ Rxe7 30. Rxe7 Bf6 31. Nf7 Rf8 32. Ra7 Kb8 33. Rd7 Kc8 34. Ra7 Kb8 35. Rd7 Kc8 36. Rxd6 Nxd6 37. Nxd6+ Kc7 38. Ne4 Re8 39. Nf2 Re2 40. Nd1 Rxg2 41. h3 Kc6 42. Rf3 Bg5 43. c3 Rd2 44. Nf2 Bh4 45. Ne4 Re2 46. Ng3 Re3 47. Rxe3 dxe3 48. Ne2 Kd5 49. Kc2 Ke4 50. b3 h5 51. gxh5 gxh5 52. c4 bxc4 53. bxc4 Be7 54. a4 h4 55. Nc3+ Kf3 56. Kd3 Bc5 57. Ne2 Kg2 58. Nf4+ Kg3 59. Nd5 Kf3 60. Nc3 a5 61. Ne2 Kg2 62. Nf4+ Kg3 63. Nd5 Kxh3 64. Nxe3 Kh2 65. Ng4+ Kg3 66. Nf6 h3 67. Ne4+ Kg2 68. Nc3 h2 0-1

[Event "Fall 50 50 Pro-Am U2100"]
[Site "Guelph CAN"]
[Date "2007.11.03"]
[Round "2"]
[White "Jordan, John1"]
[Black "Lee, Mei Chen"]
[Result "0-1"]
[WhiteElo "1780"]
[BlackElo "1561"]
[PlyCount "58"]
[GameId "2160767910574494"]
[EventDate "2007.11.03"]
[EventType "swiss"]
[EventRounds "5"]
[EventCountry "CAN"]
[SourceTitle "EXT 2022"]
[Source "ChessBase"]
[SourceDate "2021.10.06"]
[SourceVersion "1"]
[SourceVersionDate "2021.10.06"]
[SourceQuality "1"]

1. d4 d5 2. c4 e6 3. Nc3 c6 4. Nf3 f5 5. cxd5 cxd5 6. g3 Nf6 7. Bg2 Bb4 8. O-O O-O 9. Bd2 Nc6 10. Rc1 Bd7 11. a3 Be7 12. Bf4 a6 13. Qd2 Rc8 14. Be5 Be8 15. Rfe1 b5 16. b4 Nxb4 17. axb4 Bxb4 18. Bxf6 Rxf6 19. Qb2 Qa5 20. Qa2 Rxc3 21. Qxa5 Bxa5 22. Ra1 Bb4 23. Rxa6 Rxf3 24. Rb1 Ra3 25. Rxe6 Rxe6 26. Bxd5 Bf7 27. Rxb4 Rxe2 28. Bxf7+ Kxf7 29. Rxb5 g6 0-1

[Event "Fall 50 50 Pro-Am U2100"]
[Site "Guelph CAN"]
[Date "2007.11.03"]
[Round "3"]
[White "Florea, Alexandru"]
[Black "Jordan, John1"]
[Result "1-0"]
[WhiteElo "1757"]
[BlackElo "1780"]
[PlyCount "53"]
[GameId "2160767910574495"]
[EventDate "2007.11.03"]
[EventType "swiss"]
[EventRounds "5"]
[EventCountry "CAN"]
[SourceTitle "EXT 2022"]
[Source "ChessBase"]
[SourceDate "2021.10.06"]
[SourceVersion "1"]
[SourceVersionDate "2021.10.06"]
[SourceQuality "1"]

1. e4 d6 2. d4 Nf6 3. Nc3 g6 4. Nf3 Bg7 5. Bc4 O-O 6. O-O Nc6 7. h3 b6 8. Re1 Bb7 9. Qe2 e5 10. dxe5 dxe5 11. Nd5 Nd4 12. Nxd4 exd4 13. Bg5 c6 14. Nxf6+ Bxf6 15. Bxf6 Qxf6 16. e5 Qg7 17. e6 fxe6 18. Qxe6+ Kh8 19. Qe7 Rab8 20. Qxg7+ Kxg7 21. Re7+ Kh6 22. Rae1 c5 23. Rd7 Bc6 24. Rxa7 b5 25. Bf1 Rb7 26. Rxb7 Bxb7 27. Bxb5 1-0

[Event "Fall 50 50 Pro-Am U2100"]
[Site "Guelph CAN"]
[Date "2007.11.03"]
[Round "3"]
[White "Gladstone, Simon"]
[Black "Saxena, Sanjay"]
[Result "0-1"]
[WhiteElo "1835"]
[BlackElo "1736"]
[PlyCount "56"]
[GameId "2160767910574496"]
[EventDate "2007.11.03"]
[EventType "swiss"]
[EventRounds "5"]
[EventCountry "CAN"]
[SourceTitle "EXT 2022"]
[Source "ChessBase"]
[SourceDate "2021.10.06"]
[SourceVersion "1"]
[SourceVersionDate "2021.10.06"]
[SourceQuality "1"]

1. e4 e5 2. Nf3 Nc6 3. Nc3 Nf6 4. d4 exd4 5. Nxd4 Bc5 6. Be3 d6 7. Nxc6 bxc6 8. Bxc5 dxc5 9. Qxd8+ Kxd8 10. O-O-O+ Ke7 11. f3 Be6 12. Na4 Nd7 13. f4 g6 14. h3 f5 15. e5 Rab8 16. Kb1 Rb4 17. b3 Rxf4 18. Be2 Rb8 19. Bf3 Rxa4 20. Bxc6 Rd4 21. Rxd4 cxd4 22. Rd1 Nxe5 23. Bf3 Nxf3 24. gxf3 c5 25. Kb2 g5 26. c3 Rd8 27. cxd4 Rxd4 28. Rc1 Kd6 0-1

[Event "Fall 50 50 Pro-Am U2100"]
[Site "Guelph CAN"]
[Date "2007.11.03"]
[Round "3"]
[White "Lee, Mei Chen"]
[Black "Assaripallam, Inigo Francis"]
[Result "0-1"]
[WhiteElo "1561"]
[BlackElo "2076"]
[PlyCount "46"]
[GameId "2160767910574497"]
[EventDate "2007.11.03"]
[EventType "swiss"]
[EventRounds "5"]
[EventCountry "CAN"]
[SourceTitle "EXT 2022"]
[Source "ChessBase"]
[SourceDate "2021.10.06"]
[SourceVersion "1"]
[SourceVersionDate "2021.10.06"]
[SourceQuality "1"]

1. e4 e6 2. f4 d5 3. exd5 exd5 4. d4 Nf6 5. Nf3 Bd6 6. Bd3 c5 7. Qe2+ Be7 8. Bb5+ Bd7 9. dxc5 O-O 10. Be3 Re8 11. Ne5 d4 12. Bf2 Qa5+ 13. Nd2 Bxb5 14. Qf3 Nc6 15. Kd1 Bxc5 16. Re1 Nxe5 17. fxe5 Bc6 18. Qf5 Nd5 19. Nc4 Qc7 20. Bg1 Ne3+ 21. Bxe3 dxe3 22. e6 Rxe6 23. Qxc5 Bf3+ 0-1

[Event "Fall 50 50 Pro-Am U2100"]
[Site "Guelph CAN"]
[Date "2007.11.03"]
[Round "3"]
[White "Prysiazny, Michael"]
[Black "Armstrong, Robert J"]
[Result "0-1"]
[WhiteElo "1716"]
[BlackElo "1708"]
[PlyCount "72"]
[GameId "2160767910574498"]
[EventDate "2007.11.03"]
[EventType "swiss"]
[EventRounds "5"]
[EventCountry "CAN"]
[SourceTitle "EXT 2022"]
[Source "ChessBase"]
[SourceDate "2021.10.06"]
[SourceVersion "1"]
[SourceVersionDate "2021.10.06"]
[SourceQuality "1"]

1. e4 g6 2. d4 Bg7 3. c4 d6 4. Be3 Nf6 5. f3 O-O 6. Qd2 Nc6 7. Nc3 e5 8. d5 Ne7 9. g4 Nd7 10. Bh6 f5 11. Bxg7 Kxg7 12. gxf5 gxf5 13. Bd3 Nc5 14. Bc2 Ng6 15. O-O-O fxe4 16. Nxe4 Nxe4 17. Bxe4 Bf5 18. Ne2 Bxe4 19. fxe4 Rf2 20. Rdf1 Qf6 21. Rxf2 Qxf2 22. Ng3 Qxd2+ 23. Kxd2 Nh4 24. Rf1 Rf8 25. Rxf8 Kxf8 26. Kd3 Kf7 27. Nf5 Nxf5 28. exf5 Kf6 29. Ke4 c6 30. c5 cxd5+ 31. Kxd5 dxc5 32. Ke4 c4 33. a4 b6 34. Ke3 Kxf5 35. Kf3 h5 36. h3 a6 0-1

[Event "Fall 50 50 Pro-Am U2100"]
[Site "Guelph CAN"]
[Date "2007.11.03"]
[Round "3"]
[White "Villalobos, Oscar"]
[Black "Wang, Jesse BJ"]
[Result "0-1"]
[WhiteElo "1760"]
[BlackElo "1814"]
[PlyCount "80"]
[GameId "2160767910574499"]
[EventDate "2007.11.03"]
[EventType "swiss"]
[EventRounds "5"]
[EventCountry "CAN"]

1. e4 c5 2. Nc3 Nc6 3. g3 g6 4. Bg2 Bg7 5. d3 d6 6. Be3 e5 7. Qd2 Be6 8. h4 Qa5 9. h5 gxh5 10. Nf3 Bg4 11. Nh4 Nge7 12. Bh6 Bf6 13. Bg5 Bxg5 14. Qxg5 Nd4 15. Kd2 Qd8 16. f3 Be6 17. Qxh5 Qd7 18. g4 O-O-O 19. Nf5 Ng6 20. Qg5 Bxf5 21. gxf5 Nf4 22. Nd5 Rdg8 23. Ne7+ Qxe7 24. Qxe7 Rxg2+ 25. Kd1 Rhg8 26. Rf1 Rg1 27. Ke1 Nxc2+ 28. Kd2 R1g2+ 29. Kc3 Nd4 30. Rac1 Nfe2+ 31. Kc4 b5+ 32. Kd5 Rd8 33. f4 Nxc1 34. Rxc1 Rd7 35. Qe8+ Kc7 36. b4 Ne2 37. Rxc5+ dxc5+ 38. Kxc5 Nd4 39. Qxe5+ Kb7 40. Qxd4 Rc2+ 0-1

[Event "Fall 50 50 Pro-Am U2100"]
[Site "Guelph CAN"]
[Date "2007.11.03"]
[Round "4"]
[White "Bellomo, Joe"]
[Black "Villalobos, Oscar"]
[Result "0-1"]
[WhiteElo "1759"]
[BlackElo "1760"]
[PlyCount "52"]
[GameId "2160767910574500"]
[EventDate "2007.11.03"]
[EventType "swiss"]
[EventRounds "5"]
[EventCountry "CAN"]
[SourceTitle "EXT 2022"]
[Source "ChessBase"]
[SourceDate "2021.10.06"]
[SourceVersion "1"]
[SourceVersionDate "2021.10.06"]
[SourceQuality "1"]

1. e4 c5 2. Nf3 d6 3. d4 cxd4 4. Nxd4 Nf6 5. Nc3 a6 6. Be2 e5 7. Nb3 Be7 8. Be3 O-O 9. O-O Nbd7 10. f4 b5 11. Nd5 Bb7 12. Nxe7+ Qxe7 13. fxe5 Nxe5 14. Bg5 Bxe4 15. Bxf6 gxf6 16. Nd4 Kh8 17. Kh1 Rg8 18. Bf3 Nxf3 19. Nxf3 Rg7 20. Ne1 Rag8 21. Rf2 Qe5 22. c3 d5 23. Nf3 Qf4 24. Qd4 Rxg2 25. Rxg2 Qxf3 26. Rag1 Rxg2 0-1

[Event "Fall 50 50 Pro-Am U2100"]
[Site "Guelph CAN"]
[Date "2007.11.03"]
[Round "4"]
[White "Knechtel, Tim"]
[Black "Florea, Alexandru"]
[Result "0-1"]
[WhiteElo "1792"]
[BlackElo "1757"]
[PlyCount "66"]
[GameId "2160767910574501"]
[EventDate "2007.11.03"]
[EventType "swiss"]
[EventRounds "5"]
[EventCountry "CAN"]
[SourceTitle "EXT 2022"]
[Source "ChessBase"]
[SourceDate "2021.10.06"]
[SourceVersion "1"]
[SourceVersionDate "2021.10.06"]
[SourceQuality "1"]

1. d4 d5 2. Bg5 Nf6 3. e3 e6 4. Bd3 Be7 5. Nd2 O-O 6. f4 c5 7. c3 Nc6 8. Ngf3 Rb8 9. a4 a6 10. Ne5 Nxe5 11. fxe5 Ne8 12. Bxe7 Qxe7 13. O-O f5 14. Qe2 c4 15. Bc2 b5 16. axb5 Rxb5 17. Ra2 Qb7 18. Rb1 Nc7 19. Qd1 Rb6 20. Ba4 Rf7 21. Nf3 Bd7 22. Ng5 Bxa4 23. Qxa4 Re7 24. Qc2 Nb5 25. Ra5 Re8 26. Rba1 Rb8 27. R1a2 Nc7 28. Qa4 Rxb2 29. Qd7 Rxa2 30. Rxa2 Qb1+ 31. Kf2 Qxa2+ 32. Kg3 Qe2 33. Qxc7 Qg4+ 0-1

[Event "Fall 50 50 Pro-Am U2100"]
[Site "Guelph CAN"]
[Date "2007.11.03"]
[Round "4"]
[White "Saxena, Sanjay"]
[Black "Deline, Ralph"]
[Result "1/2-1/2"]
[WhiteElo "1736"]
[BlackElo "1890"]
[PlyCount "129"]
[GameId "2160767910574502"]
[EventDate "2007.11.03"]
[EventType "swiss"]
[EventRounds "5"]
[EventCountry "CAN"]
[SourceTitle "EXT 2022"]
[Source "ChessBase"]
[SourceDate "2021.10.06"]
[SourceVersion "1"]
[SourceVersionDate "2021.10.06"]
[SourceQuality "1"]

1. e4 c5 2. Nf3 d6 3. d4 cxd4 4. Nxd4 Nf6 5. Nc3 g6 6. Be2 Bg7 7. Be3 O-O 8. Qd2 Nc6 9. O-O Bd7 10. f3 a6 11. Nd5 Rc8 12. c4 Ne5 13. Rac1 e6 14. Nxf6+ Bxf6 15. f4 Nc6 16. b3 Bg7 17. Nxc6 Bxc6 18. Bf3 Qe7 19. Rcd1 Rfd8 20. Qc2 b5 21. Bb6 Rd7 22. c5 dxc5 23. Bxc5 Qe8 24. Rxd7 Qxd7 25. Rd1 Qb7 26. Rd3 e5 27. Bg4 Bxe4 28. Bxc8 Qxc8 29. Rd8+ Qxd8 30. Qxe4 Qd1+ 31. Kf2 Qd2+ 32. Kf3 Qd1+ 33. Kf2 Qd2+ 34. Kf3 Qxf4+ 35. Qxf4 exf4 36. Kxf4 f5 37. g4 fxg4 38. Kxg4 Kf7 39. Kf4 Ke6 40. Ke4 g5 41. h3 h5 42. a4 bxa4 43. bxa4 Be5 44. Bb6 g4 45. hxg4 hxg4 46. Ke3 Kd5 47. Bd8 Bd6 48. Ba5 Kc4 49. Bd8 Kb4 50. a5 Kb5 51. Ke4 Bb4 52. Kf4 Bxa5 53. Bf6 Bc7+ 54. Kxg4 a5 55. Be7 Kc4 56. Kf3 a4 57. Ke2 Kb3 58. Kd1 Kb2 59. Bf6+ Kb1 60. Be7 Be5 61. Ba3 Bb2 62. Bf8 Ka2 63. Kc2 Ba3 64. Bxa3 Kxa3 65. Kb1 1/2-1/2

[Event "Fall 50 50 Pro-Am U2100"]
[Site "Guelph CAN"]
[Date "2007.11.03"]
[Round "4"]
[White "Wang, Jesse BJ"]
[Black "Assaripallam, Inigo Francis"]
[Result "0-1"]
[WhiteElo "1814"]
[BlackElo "2076"]
[PlyCount "48"]
[GameId "2160767910574503"]
[EventDate "2007.11.03"]
[EventType "swiss"]
[EventRounds "5"]
[EventCountry "CAN"]

1. e4 e6 2. d4 d5 3. exd5 exd5 4. c3 Nf6 5. Bd3 Bd6 6. Nf3 Bg4 7. O-O O-O 8. Nbd2 h6 9. h3 Bh5 10. Re1 Re8 11. Rxe8+ Qxe8 12. Nf1 Ne4 13. Qe2 Nd7 14. c4 c6 15. c5 Bc7 16. g4 Bg6 17. Nh4 Bh7 18. Be3 Qe7 19. Ng2 Re8 20. Re1 Nf8 21. Qc2 Qf6 22. f4 Ne6 23. Qa4 Bxf4 24. Nxf4 Nxf4 0-1

[Event "Fall 50 50 Pro-Am U2100"]
[Site "Guelph CAN"]
[Date "2007.11.04"]
[Round "4"]
[White "Armstrong, Robert J"]
[Black "Supsup, Ferdinand"]
[Result "1-0"]
[WhiteElo "1708"]
[BlackElo "1858"]
[PlyCount "77"]
[GameId "2160767910574504"]
[EventDate "2007.11.03"]
[EventType "swiss"]
[EventRounds "5"]
[EventCountry "CAN"]
[SourceTitle "EXT 2022"]
[Source "ChessBase"]
[SourceDate "2021.10.06"]
[SourceVersion "1"]
[SourceVersionDate "2021.10.06"]
[SourceQuality "1"]

1. d4 g6 2. c4 Bg7 3. Nc3 c5 4. d5 Na6 5. e4 Bxc3+ 6. bxc3 Qa5 7. Qc2 d6 8. f4 Nf6 9. Bd3 Bd7 10. Nf3 b5 11. O-O h5 12. e5 bxc4 13. Bxc4 Bf5 14. Qe2 Nxd5 15. Bxd5 Rd8 16. Bc6+ Kf8 17. Ng5 Qxc3 18. Bb2 Qd3 19. Bb5 Qxe2 20. Bxe2 Nb4 21. exd6 Rg8 22. Nh7+ Ke8 23. Bb5+ Bd7 24. dxe7 Bxb5 25. exd8=Q+ Kxd8 26. Rfd1+ Nd3 27. Nf6 Rf8 28. Ba3 Kc7 29. Rab1 Bc4 30. Rd2 Kc6 31. f5 a5 32. Rbd1 Nb4 33. Bxb4 axb4 34. Rd6+ Kb5 35. Nd7 Rd8 36. Rb6+ Ka5 37. Rb7 gxf5 38. Rd6 Be6 39. Ra7+ 1-0

[Event "Fall 50 50 Pro-Am U2100"]
[Site "Guelph CAN"]
[Date "2007.11.04"]
[Round "5"]
[White "Armstrong, Robert J"]
[Black "Erickson, John"]
[Result "1/2-1/2"]
[WhiteElo "1708"]
[BlackElo "1919"]
[PlyCount "64"]
[GameId "2160767910574505"]
[EventDate "2007.11.03"]
[EventType "swiss"]
[EventRounds "5"]
[EventCountry "CAN"]
[SourceTitle "EXT 2022"]
[Source "ChessBase"]
[SourceDate "2021.10.06"]
[SourceVersion "1"]
[SourceVersionDate "2021.10.06"]
[SourceQuality "1"]

1. d4 d6 2. c4 g6 3. Nc3 Nf6 4. e4 Bg7 5. f3 Nbd7 6. Be3 O-O 7. Nge2 c5 8. g4 cxd4 9. Nxd4 Ne5 10. Qd2 Qc7 11. b3 Qa5 12. Be2 Nc6 13. Nxc6 bxc6 14. Rc1 Bb7 15. Bh6 Rfd8 16. Bxg7 Kxg7 17. Nb1 Qxd2+ 18. Nxd2 d5 19. e5 Nd7 20. f4 dxc4 21. Bxc4 Nb6 22. Rf1 Rd4 23. f5 Rad8 24. f6+ exf6 25. Rxf6 Nxc4 26. Nxc4 Rxg4 27. Kf2 Re4 28. Nd6 Rxe5 29. Rxf7+ Kh6 30. Nxb7 Rd2+ 31. Kf3 Ree2 32. Rf1 Rxh2 1/2-1/2

[Event "Fall 50 50 Pro-Am U2100"]
[Site "Guelph CAN"]
[Date "2007.11.04"]
[Round "5"]
[White "Assaripallam, Inigo Francis"]
[Black "Villalobos, Oscar"]
[Result "1/2-1/2"]
[WhiteElo "2076"]
[BlackElo "1760"]
[PlyCount "151"]
[GameId "2160767910574506"]
[EventDate "2007.11.03"]
[EventType "swiss"]
[EventRounds "5"]
[EventCountry "CAN"]
[SourceTitle "EXT 2022"]
[Source "ChessBase"]
[SourceDate "2021.10.06"]
[SourceVersion "1"]
[SourceVersionDate "2021.10.06"]
[SourceQuality "1"]

1. d4 Nf6 2. c4 g6 3. Nc3 Bg7 4. e4 d6 5. f3 O-O 6. Be3 c5 7. dxc5 dxc5 8. Qxd8 Rxd8 9. Bxc5 Nc6 10. Nd5 Nd7 11. Nxe7+ Nxe7 12. Bxe7 Bxb2 13. Rb1 Bc3+ 14. Kd1 Re8 15. Kc2 Bg7 16. Bg5 Nb6 17. Nh3 Be6 18. Kb3 Rec8 19. Nf4 Bxc4+ 20. Bxc4 Nxc4 21. Nd5 Kf8 22. Rhd1 Na5+ 23. Ka4 b6 24. Rbc1 Nb7 25. Be7+ Ke8 26. Bb4 Nc5+ 27. Bxc5 bxc5 28. Rc4 Rab8 29. Rdc1 Bd4 30. R1c2 Rc6 31. Ka5 Kd7 32. g3 Re6 33. h3 f5 34. Nc3 Rbb6 35. Na4 Ra6+ 36. Kb5 fxe4 37. Rxd4+ cxd4 38. Nc5+ Ke7 39. Nxe6 Rxe6 40. fxe4 Rxe4 41. Kc4 Kd6 42. Rd2 Ke5 43. g4 Re1 44. a4 Rc1+ 45. Kd3 Rc3+ 46. Ke2 Rxh3 47. Rd1 Ke4 48. Rf1 Rh2+ 49. Kd1 d3 50. Rf7 h5 51. gxh5 gxh5 52. Rxa7 Ra2 53. Rh7 Ke3 54. Re7+ Kf3 55. Rh7 Kg4 56. Rg7+ Kf3 57. Rf7+ Ke3 58. Re7+ Kf3 59. Rh7 Kg4 60. Rg7+ Kf5 61. Rf7+ Kg6 62. Rd7 Ra3 63. Kd2 h4 64. Rd8 Kg5 65. Rg8+ Kf4 66. Rf8+ Kg3 67. Rg8+ Kf2 68. Rf8+ Kg2 69. Rg8+ Kh2 70. a5 h3 71. a6 Kh1 72. a7 Rxa7 73. Kxd3 Re7 74. Kd2 h2 75. Rg6 Re5 76. Rg8 1/2-1/2

[Event "Fall 50 50 Pro-Am U2100"]
[Site "Guelph CAN"]
[Date "2007.11.04"]
[Round "5"]
[White "Deline, Ralph"]
[Black "Florea, Alexandru"]
[Result "1-0"]
[WhiteElo "1890"]
[BlackElo "1757"]
[PlyCount "79"]
[GameId "2160767910574507"]
[EventDate "2007.11.03"]
[EventType "swiss"]
[EventRounds "5"]
[EventCountry "CAN"]
[SourceTitle "EXT 2022"]
[Source "ChessBase"]
[SourceDate "2021.10.06"]
[SourceVersion "1"]
[SourceVersionDate "2021.10.06"]
[SourceQuality "1"]

1. c4 e6 2. g3 d5 3. cxd5 exd5 4. Bg2 Nf6 5. Nf3 Bf5 6. O-O Bd6 7. b3 O-O 8. Bb2 Nbd7 9. Nc3 c6 10. d3 Qc7 11. Rc1 Rad8 12. Nb5 Qb8 13. Nxd6 Qxd6 14. Nh4 Bg6 15. Nxg6 fxg6 16. e3 Nb6 17. Qc2 Rfe8 18. a4 Qb8 19. a5 Nbd7 20. b4 Ne5 21. Bxe5 Rxe5 22. a6 bxa6 23. Qxc6 Qxb4 24. Qxa6 Qb6 25. Qa4 Re6 26. Rb1 Qa6 27. Qd4 Rd7 28. Bh3 Red6 29. Bxd7 Rxd7 30. Rb8+ Kf7 31. Ra1 Qd6 32. Ra8 g5 33. R8xa7 Kg6 34. R1a6 Qe7 35. e4 Kh5 36. Rxd7 Qxd7 37. e5 Ne8 38. e6 Qe7 39. Qxd5 Qb4 40. Qf3+ 1-0